Κατάλογος Βιβλιοθηκών Mediterranean College

Η ΕΡΕΥΝΑ ΣΤΗΝ ΠΡΟΣΧΟΛΙΚΗ ΕΚΠΑΙΔΕΥΣΗ ΤΟΜΟΣ Γ / ΠΟΙΟΤΗΤΑ, ΠΡΟΒΛΗΜΑΤΑ ΚΑΙ ΟΡΓΑΝΩΣΗ ΤΗΣ ΠΡΟΣΧΟΛΙΚΗΣ ΕΚΠΑΙΔΕΥΣΗΣ (Record no. 7452)

MARC details
000 -LEADER
fixed length control field 01135cam a22002174a 4500
005 - ΗΜΕΡΟΜΗΝΙΑ ΚΑΙ ΩΡΑ ΤΕΛΕΥΤΑΙΑΣ ΕΝΗΜΕΡΩΣΗΣ
Πεδίο ελέγχου 20250605163607.0
008 - FIXED-LENGTH DATA ELEMENTS--GENERAL INFORMATION
Πεδίο ελέγχου σταθερού μήκους 250528s ||||||||||||||||||||||||d
035 ## - SYSTEM CONTROL NUMBER
System control number 22399
020 ## - ISBN
ISBN 9789604020676
040 ## - ΠΗΓΗ ΚΑΤΑΛΟΓΟΓΡΑΦΗΣΗΣ
Φορέας πρωτότυπης καταλογογράφησης MC Athens Campus Library
Γλώσσα καταλογογράφησης Ελληνικά, Μοντέρνα (1453-)
Modifying agency MC Athens Campus Library
Κανόνες περιγραφικής καταλογογράφησης AACR2
245 1# - ΤΙΤΛΟΣ ΚΑΙ ΔΗΛΩΣΗ ΥΠΕΥΘΥΝΟΤΗΤΑΣ
Τίτλος Η ΕΡΕΥΝΑ ΣΤΗΝ ΠΡΟΣΧΟΛΙΚΗ ΕΚΠΑΙΔΕΥΣΗ ΤΟΜΟΣ Γ / ΠΟΙΟΤΗΤΑ, ΠΡΟΒΛΗΜΑΤΑ ΚΑΙ ΟΡΓΑΝΩΣΗ ΤΗΣ ΠΡΟΣΧΟΛΙΚΗΣ ΕΚΠΑΙΔΕΥΣΗΣ
250 ## - EDITION STATEMENT
Edition statement 1
260 ## - PUBLICATION, DISTRIBUTION, ETC.
Name of publisher, distributor, etc. Τυπωθητω,
Date of publication, distribution, etc. 2002
300 ## - PHYSICAL DESCRIPTION
Extent 380
505 0# - FORMATTED CONTENTS NOTE
Formatted contents note ΠΡΟΣΧΟΛΙΚΗ ΚΑΙ ΠΡΩΤΟΣΧΟΛΙΚΗ ΕΚΠΑΙΔΕΥΣΗ ΘΕΜΑΤΑ ΦΙΛΟΣΟΦΙΑΣ ΤΗΣ ΠΑΙΔΕΙΑΣ ΡΟΛΟΣ, ΑΝΑΠΑΡΑΣΤΑΣΕΙΣ ΚΑΙ ΕΚΠΑΙΔΕΥΣΗ ΕΚΠΑΙΔΕΥΤΙΚΩΝ
520 ## - SUMMARY, ETC.
Summary, etc. ΠΡΟΣΧΟΛΙΚΗ ΚΑΙ ΠΡΩΤΟΣΧΟΛΙΚΗ ΕΚΠΑΙΔΕΥΣΗ ΘΕΜΑΤΑ ΦΙΛΟΣΟΦΙΑΣ ΤΗΣ ΠΑΙΔΕΙΑΣ ΡΟΛΟΣ, ΑΝΑΠΑΡΑΣΤΑΣΕΙΣ ΚΑΙ ΕΚΠΑΙΔΕΥΣΗ ΕΚΠΑΙΔΕΥΤΙΚΩΝ
700 1# - ΠΡΟΣΘΕΤΗ ΑΝΑΓΡΑΦΗ--ΦΥΣΙΚΟ ΠΡΟΣΩΠΟ
Personal name Κουρτη Ευαγγελια
942 ## - ADDED ENTRY ELEMENTS (KOHA)
Koha item type Books
Holdings
Τύπος τεκμηρίου Βιβλιοθήκη Τρέχουσα τοποθεσία Barcode Αριθμός εισαγωγής Ημερομηνία απόκτησης Ταξιθετικό σύμβολο Αριθμός αντιτύπου Κατάσταση απόσυρσης Κατάσταση χαμένου Κατάσταση κατεστραμμένου Μη δανεισμός Σύνολο δανεισμών Ημερομηνία τελευταίας εμφάνισης Η τιμή ισχύει από
Books MC Thessaloniki Campus Library MC Thessaloniki Campus Library 9780000074515 1075 05/06/2025 370.21072 ΚΟΥ 1           05/06/2025 05/06/2025

MC Athens Campus Library
Πατησίων 94 & Κοδριγκτώνος 13, 104 34
Πελλήνης 8 & Πατησίων 107, 112 51
Τ: +30 210 8899600

MC Thessaloniki Campus Library
Ίωνος Δραγούμη 21, 54625 | Ίωνος Δραγούμη 15, 54625
Τ: +30 2310 287779 – Τ: +30 2314 440300